<?xml version='1.0' encoding='UTF-8'?>
  <record xmlns="http://www.loc.gov/MARC21/slim">
    <leader>00000cam a22000007i 4500</leader>
    <controlfield tag="001">ocm68064932</controlfield>
    <controlfield tag="003">OCoLC</controlfield>
    <controlfield tag="005">20250814110658.9</controlfield>
    <controlfield tag="008">980924s1529    fr            000 0 ger d</controlfield>
    <datafield tag="040" ind1=" " ind2=" ">
      <subfield code="a">NLGGC</subfield>
      <subfield code="b">eng</subfield>
      <subfield code="e">rda</subfield>
      <subfield code="e">dcrmr</subfield>
      <subfield code="c">NLGGC</subfield>
      <subfield code="d">OCLCO</subfield>
      <subfield code="d">QGJ</subfield>
      <subfield code="d">OCLCA</subfield>
      <subfield code="d">QGJ</subfield>
    </datafield>
    <datafield tag="029" ind1="0" ind2=" ">
      <subfield code="a">NLGGC</subfield>
      <subfield code="b">173559905</subfield>
    </datafield>
    <datafield tag="035" ind1=" " ind2=" ">
      <subfield code="a">(OCoLC)68064932</subfield>
    </datafield>
    <datafield tag="110" ind1="1" ind2=" ">
      <subfield code="a">Hesse (Landgraviate).</subfield>
      <subfield code="b">Landgraf (1509-1567 : Philipp I)</subfield>
    </datafield>
    <datafield tag="245" ind1="1" ind2="0">
      <subfield code="a">Lantgreuisch gemeyn ausschreiben, Protestation, vnd vrsach. das sein. F.G. neben ettlichen des Reichs Churfürsten, Fursten vnd Stetten, ynn jüngsten des Reichs zu Speyr beschehnen abscheyd, Christlichen glauben belangend, nit haben gehellen noch bewilligen wöllen :</subfield>
      <subfield code="b">Sampt einer Christlichen ermanung Philippi Melanchtonis an Ferdinandum, yn einer vorede der außlegung über den Propheten Danielem jungst zu Speyr geschriben, /</subfield>
      <subfield code="c">Auß dem Latein ynns Teutsch abgesatzt. Auch deren von Zürich Ausschreiben vnd vrsach. Warumb vnd was fürnehmens, Sie wider die fünff ortt, Lucern, Vry, Schwitz, Vnderwalden, vnd Zug, auff neünden des Brachmonats außzogen sein.</subfield>
    </datafield>
    <datafield tag="246" ind1="3" ind2=" ">
      <subfield code="a">Lantgrevisch gemeyn Ausschreiben, Protestation, und ursach, das sein. F. G. neben ettlichen des Reichs Churfürsten, Fursten und Stetten, ynn jüngsten des Reichs zu Speyr beschehnen abscheyd, Christlichen glauben belangend, nit haben gehellen noch bewilligen wöllen</subfield>
    </datafield>
    <datafield tag="264" ind1=" " ind2="1">
      <subfield code="a">[Strasbourg] :</subfield>
      <subfield code="b">[Wolfgang Köpfel],</subfield>
      <subfield code="c">[1529]</subfield>
    </datafield>
    <datafield tag="300" ind1=" " ind2=" ">
      <subfield code="a">[11] pages ;</subfield>
      <subfield code="c">31 cm (folio)</subfield>
    </datafield>
    <datafield tag="336" ind1=" " ind2=" ">
      <subfield code="a">text</subfield>
      <subfield code="b">txt</subfield>
      <subfield code="2">rdacontent</subfield>
    </datafield>
    <datafield tag="337" ind1=" " ind2=" ">
      <subfield code="a">unmediated</subfield>
      <subfield code="b">n</subfield>
      <subfield code="2">rdamedia</subfield>
    </datafield>
    <datafield tag="338" ind1=" " ind2=" ">
      <subfield code="a">volume</subfield>
      <subfield code="b">nc</subfield>
      <subfield code="2">rdacarrier</subfield>
    </datafield>
    <datafield tag="340" ind1=" " ind2=" ">
      <subfield code="m">folio</subfield>
      <subfield code="2">rdabf</subfield>
    </datafield>
    <datafield tag="500" ind1=" " ind2=" ">
      <subfield code="a">Publication statement from VD 16; in printed edition of VD 16 printing attributed to Hieronymus Andreae in Nuremberg.</subfield>
    </datafield>
    <datafield tag="500" ind1=" " ind2=" ">
      <subfield code="a">Signatures: A⁶; A1v and A6v are blank.</subfield>
    </datafield>
    <datafield tag="500" ind1=" " ind2=" ">
      <subfield code="a">Initials.</subfield>
    </datafield>
    <datafield tag="510" ind1="4" ind2=" ">
      <subfield code="a">Verzeichnis der im deutschen Sprachbereich erschienenen Drucke des 16. Jahrhunderts (VD 16),</subfield>
      <subfield code="c">H 2846</subfield>
      <subfield code="u">https://gateway-bayern.de/VD16+H+2846</subfield>
    </datafield>
    <datafield tag="510" ind1="4" ind2=" ">
      <subfield code="3">Melanchthon, Philipp. Eine christliche Ermahnung an Ferdinandum:</subfield>
      <subfield code="a">Verzeichnis der im deutschen Sprachbereich erschienenen Drucke des 16. Jahrhunderts (VD 16),</subfield>
      <subfield code="c">M 4004</subfield>
      <subfield code="u">https://gateway-bayern.de/VD16+M+4004</subfield>
    </datafield>
    <datafield tag="510" ind1="4" ind2=" ">
      <subfield code="3">Zürich, Rat. Deren von Zürich Ausschreiben und Ursache, warum und was Fürnehmens sie wider die fünf Orte, Luzern, Uri, Schwyz, Unterwalden und Zug ... ausgezogen sind:</subfield>
      <subfield code="a">Verzeichnis der im deutschen Sprachbereich erschienenen Drucke des 16. Jahrhunderts (VD 16),</subfield>
      <subfield code="c">Z 582</subfield>
      <subfield code="u">https://gateway-bayern.de/VD16+Z+582</subfield>
    </datafield>
    <datafield tag="600" ind1="0" ind2="0">
      <subfield code="a">Ferdinand</subfield>
      <subfield code="b">I,</subfield>
      <subfield code="c">Holy Roman Emperor,</subfield>
      <subfield code="d">1503-1564.</subfield>
    </datafield>
    <datafield tag="651" ind1=" " ind2="0">
      <subfield code="a">Hesse (Germany)</subfield>
      <subfield code="x">History</subfield>
      <subfield code="y">1247-1567</subfield>
      <subfield code="v">Sources.</subfield>
    </datafield>
    <datafield tag="651" ind1=" " ind2="0">
      <subfield code="a">Hesse (Germany)</subfield>
      <subfield code="x">Church history</subfield>
      <subfield code="y">Sources.</subfield>
    </datafield>
    <datafield tag="650" ind1=" " ind2="0">
      <subfield code="a">Reformation</subfield>
      <subfield code="z">Germany</subfield>
      <subfield code="v">Sources.</subfield>
    </datafield>
    <datafield tag="651" ind1=" " ind2="0">
      <subfield code="a">Germany</subfield>
      <subfield code="x">Church history</subfield>
      <subfield code="y">16th century</subfield>
      <subfield code="v">Sources.</subfield>
    </datafield>
    <datafield tag="651" ind1=" " ind2="6">
      <subfield code="a">Hesse (Allemagne)</subfield>
      <subfield code="x">Histoire</subfield>
      <subfield code="y">1247-1567</subfield>
      <subfield code="v">Sources.</subfield>
    </datafield>
    <datafield tag="651" ind1=" " ind2="6">
      <subfield code="a">Allemagne</subfield>
      <subfield code="x">Histoire religieuse</subfield>
      <subfield code="y">16e siècle</subfield>
      <subfield code="v">Sources.</subfield>
    </datafield>
    <datafield tag="650" ind1=" " ind2="7">
      <subfield code="a">Reformation</subfield>
      <subfield code="2">fast</subfield>
    </datafield>
    <datafield tag="651" ind1=" " ind2="7">
      <subfield code="a">Germany</subfield>
      <subfield code="2">fast</subfield>
      <subfield code="1">https://id.oclc.org/worldcat/entity/E39PBJtCD3rcKcPDx6FHmjvrbd</subfield>
    </datafield>
    <datafield tag="651" ind1=" " ind2="7">
      <subfield code="a">Germany</subfield>
      <subfield code="z">Hesse</subfield>
      <subfield code="2">fast</subfield>
      <subfield code="1">https://id.oclc.org/worldcat/entity/E39QbtfRyJgVCXrKGwkRdX7FTB</subfield>
    </datafield>
    <datafield tag="648" ind1=" " ind2="7">
      <subfield code="a">1247-1599</subfield>
      <subfield code="2">fast</subfield>
    </datafield>
    <datafield tag="655" ind1=" " ind2="7">
      <subfield code="a">Church history</subfield>
      <subfield code="2">fast</subfield>
    </datafield>
    <datafield tag="655" ind1=" " ind2="7">
      <subfield code="a">History</subfield>
      <subfield code="2">fast</subfield>
    </datafield>
    <datafield tag="655" ind1=" " ind2="7">
      <subfield code="a">Sources</subfield>
      <subfield code="2">fast</subfield>
    </datafield>
    <datafield tag="700" ind1="1" ind2=" ">
      <subfield code="a">Köpffel, Wolfgang,</subfield>
      <subfield code="d">approximately 1500-approximately 1554,</subfield>
      <subfield code="e">printer.</subfield>
      <subfield code="4">prt</subfield>
    </datafield>
    <datafield tag="700" ind1="0" ind2=" ">
      <subfield code="a">Philipp</subfield>
      <subfield code="b">I,</subfield>
      <subfield code="c">Landgraf von Hessen,</subfield>
      <subfield code="d">1504-1567.</subfield>
      <subfield code="1">https://id.oclc.org/worldcat/entity/E39PBJyH3tth4vp4R3yMQkdCwC</subfield>
    </datafield>
    <datafield tag="700" ind1="1" ind2="2">
      <subfield code="i">Container of (expression):</subfield>
      <subfield code="a">Melanchthon, Philip,</subfield>
      <subfield code="d">1497-1560.</subfield>
      <subfield code="t">Praefatio ad Regem Ferdinandum in Danielem.</subfield>
      <subfield code="l">German.</subfield>
    </datafield>
    <datafield tag="710" ind1="1" ind2=" ">
      <subfield code="a">Zurich (Switzerland).</subfield>
      <subfield code="b">Stadtrat,</subfield>
      <subfield code="e">issuing body.</subfield>
      <subfield code="4">aut</subfield>
    </datafield>
    <datafield tag="740" ind1="0" ind2=" ">
      <subfield code="a">Deren von Zürich Ausschreiben und Ursache, warum und was Fürnehmens sie wider die fünf Orte, Luzern, Uri, Schwyz, Unterwalden und Zug ... ausgezogen sind</subfield>
    </datafield>
    <datafield tag="752" ind1=" " ind2=" ">
      <subfield code="a">France</subfield>
      <subfield code="d">Strasbourg,</subfield>
      <subfield code="e">publication place.</subfield>
      <subfield code="4">pup</subfield>
    </datafield>
  </record>